Todas as seleções que jogaram a copa América - Statistics

Estatísticas Gerais
  • Esse quiz foi jogado 232 vezes
  • A pontuação média é 16 de 19
Estatísticas das Respostas
Vezes que participou Seleção % Correto
41 Argentina
99%
35 Brasil
99%
43 Uruguai
98%
26 Bolívia
96%
27 Equador
96%
17 Venezuela
96%
38 Chile
95%
21 Colômbia
95%
36 Paraguai
95%
31 Peru
94%
4 Estados Unidos
93%
10 México
93%
5 Costa Rica
77%
1 Honduras
77%
1 Panamá
74%
2 Jamaica
70%
2 Japão
69%
1 Haiti
63%
1 Catar
56%
Nenhum quiz correspondente encontrado
Distribuição das Pontuações
Porcentagem de Pessoas com Cada Pontuação
Percentil de Números Respondidos
Sua Pontuação Histórica
Você não jogou esse quiz